[Event "12. Kup Svetozara Gligorica"]
[Site "Residency Prestige, Paracin"]
[Date "2026.05.23"]
[Round "4"]
[White "Livaja, Mario"]
[Black "Milosevic, Aleksandar J"]
[Result "1-0"]
[WhiteElo "2245"]
[BlackElo "2163"]
[PlyCount "77"]
[EventDate "2026.05.21"]
[WhiteTeam "ŠKGN NAIS - Niš"]
[BlackTeam "ŠK KABLOVI - Jagodina"]

1. d4 d5 2. Nf3 e6 3. g3 b5 4. Bg2 Bb7 5. O-O Nf6 6. c3 Nbd7 7. a4 a6 8. Qb3
Bc6 9. axb5 axb5 10. Rxa8 Qxa8 11. Bf4 Qb7 12. Na3 Be7 13. Nc2 O-O 14. Ra1 Nh5
15. Be5 f6 16. Bf4 g5 17. Bd2 Nb6 18. Nb4 Nc4 19. Bc1 Ra8 20. Rxa8+ Qxa8 21.
Nxc6 Qxc6 22. Ne1 Qa6 23. Qd1 Ng7 24. Nd3 Qa1 25. e4 c6 26. exd5 cxd5 27. Bf1
Nd6 28. Qe2 Kf7 29. Qc2 h5 30. Kg2 h4 31. Nc5 hxg3 32. hxg3 Ngf5 33. Bd3 Qa8
34. Qe2 Ng7 35. Nxe6 Ngf5 36. Nc7 Qc8 37. Qh5+ Kg7 38. Nxd5 Qb7 39. Qf3 1-0